Vista normal Vista MARC

Entrada Topical Term

Número de registros utilizados en: 4

001 - CONTROL NUMBER

  • control field: 62654

003 - CONTROL NUMBER IDENTIFIER

  • control field: OSt

005 - DATE AND TIME OF LATEST TRANSACTION

  • control field: 20250820155213.0

008 - FIXED-LENGTH DATA ELEMENTS

  • fixed length control field: 250820|| aca||aabn | a|a d

040 ## - CATALOGING SOURCE

  • Original cataloging agency: OSt
  • Transcribing agency: OSt

150 ## - HEADING--TOPICAL TERM

  • Topical term or geographic name entry element: Animales
  • Form subdivision: Poesías

670 ## - SOURCE DATA FOUND

  • Source citation: Work cat.: (OSt)58204: Martínez Sánchez, José, 1955- 62651, Rumba en la casa del león /









Instituto Departamental de Cultura del Meta - Red Departamental de Bibliotecas Públicas del Meta.